00485nam a22001817a 450000500170000001000150001702000220003203500140005403700130006808200100008110000190009124500490011025000200015926000360017927000430021530000220025850000230028020180723124047.0 aENG-123526 c75.00a8185990247 aEN-107058 bDBAD/PUB a230.6 aGoel, Sita Ram aDefence of hindu society /cby Sita Ram Goel a3rd edn.Reprint aNew DelhibVoice of Indiac2014 a2/18, Ansari Road, bNew Delhie110002 a118p.c22cm.(pbk) aIt includes index.